Normal view
MARC view
- Sami, Raja Haris
Entry Personal Name
001 - CONTROL NUMBER
- control field: 18988
003 - CONTROL NUMBER IDENTIFIER
- control field: NUST
005 - DATE AND TIME OF LATEST TRANSACTION
- control field: 20190803104027.0
008 - FIXED-LENGTH DATA ELEMENTS
- fixed length control field: 190803|| aca||aabn | a|a d
040 ## - CATALOGING SOURCE
- Original cataloging agency: NUST
- Transcribing agency: NUST
100 ## - HEADING--PERSONAL NAME
- Personal name: Sami, Raja Haris
670 ## - SOURCE DATA FOUND
- Source citation: Work cat.: (NUST): Sami, Raja Haris, Dumping & Anti-Dumping Laws- A Case Review of Their use and Misuse /, 2014.
